Вълшебникът (Запис номер 328260)
[ съкратено ]
| 000 -Лидер | |
|---|---|
| Контролно поле с фиксирана дължина | 01511nam a22003377a 4500 |
| 003 - Код на организацията, давaща контролен номер | |
| Контролно поле | BLK |
| 005 - Дата и час на последна редакция | |
| Контролно поле | 20250116161200.0 |
| 008 - Елементи от данни с фиксирана дължина | |
| fixed length control field | 181219b bu ||||| |||| 00| 0 bu d |
| 020 ## - Международен стандартен номер на книга ISBN | |
| Международен стандартен номер на книга ISBN | 978-619-195-192-5 |
| 040 ## - Източник на каталожния запис | |
| Идентификатор на билиотеката - собственик на записа | BLK |
| 041 ## - Код за език | |
| Код за езика на текст/звукозапис или на отделно заглавие | Български |
| Код за езика КДБФ | Български |
| 080 ## - УДК | |
| Текстов определител УДК | Електротехника |
| УДК код - определител по УДК | 621.3 |
| УДК определител | (73=861) |
| УДК - код + определител | 621.3(73=861) |
| 080 ## - УДК | |
| Текстов определител УДК | Сръбско-американски изобретател, физик и електромашинен инженер |
| УДК код - определител по УДК | 929 Тесла, Никола |
| УДК - код + определител | 929 Тесла, Никола |
| 100 ## - Редна дума - Автор | |
| Автор | Сайфър, Марк Дж. |
| Авторска отговорност | първи автор |
| R(LIN) | 1299 |
| 139 ## - Редно поле | |
| Редна дума | Сайфър, Марк Дж. |
| Авторски знак | Тер - Т 53 |
| 245 ## - Сведения за заглавието | |
| Заглавие | Вълшебникът |
| Подзаглавни данни | Животът и епохата на Никола Тесла : Биографията на един гений |
| Редно поле (дума) | Марк Дж. Сайфър |
| 260 ## - Област на издателските данни | |
| 9 (RLIN) | 214104 |
| Място на издаване, разпространение и проч. | София |
| Име на издателя, разпространителя и проч. | Книгомания |
| Година на издаване | 2018 |
| 300 ## - Физическа характеристика | |
| Страници | 568 с. |
| Илюстрации и др. | 8л. ил. |
| Размери/Мащаб | 24 см |
| 380 ## - Жанр | |
| Жанр | Техника |
| 600 14 - Име на лице, използвано като предмет | |
| За него / За нея | Тесла, Никола |
| 9 (RLIN) | 128715 |
| 650 #7 - Допълнително описание по предмет – тема | |
| 9 (RLIN) | 154653 |
| Основно описание – тема или топоним | Електроинженери - биографии |
| 650 #0 - Допълнително описание по предмет – тема | |
| 9 (RLIN) | 258541 |
| Основно описание – тема или топоним | Електротехника - САЩ - история |
| 653 #7 - Ключова дума – ненормативна | |
| 9 (RLIN) | 187397 |
| Ключова дума | изобретатели |
| 653 #7 - Ключова дума – ненормативна | |
| 9 (RLIN) | 186083 |
| Ключова дума | електричество |
| 700 ## - Други автори (авторска отговорност) | |
| 9 (RLIN) | 363854 |
| Лично име | Кожухаров, Кънчо |
| Автороска отговорност (Описва отношението между автора и произведението) | прев. |
| 700 ## - Други автори (авторска отговорност) | |
| 9 (RLIN) | 1311 |
| Лично име | Бенбасат, Алберт |
| Автороска отговорност (Описва отношението между автора и произведението) | ред. |
| 852 ## - Местоположение | |
| Форматна сигнатура | Цб 292925 |
| Фондова буква | Хранилище |
| 999 ## - СИСТЕМНИ КОНТРОЛНИ НОМЕРА | |
| Koha biblionumber | 328260 |
| Koha biblioitemnumber | 328260 |
| 942 ## - АРТИКУЛИ | |
| Вид на библиотечния материал | Книги |
| Скрит в OPAC | Не |
| Koha issues (borrowed), all copies | 1 |
| 999 ## - СИСТЕМНИ КОНТРОЛНИ НОМЕРА | |
| Koha biblioitemnumber | 328260 |
| 944 ## - СЪЗДАВАНЕ И РЕДАКЦИЯ на ЗАПИСА | |
| Служител, извършил регистрацията/редакцията | 30530 |
| Статус, дата на статуса | Минев Младен |
| Код за отписване | Код за изгубен артикул | Източник на класификационната схема | Код за повреда | Коз за рестрикции | Код за отдаване | Артикулен № | Име на библиотеката - собственик | Име на библиотеката, в която се намира в момента | Статус (Текущо местоположение) | Дата на вписване в системата | Местоположение - отдел | Цена в лева | Инвентарен номер | Систематично азбучна сигнатура | Баркод | Цена в евро | Служебен тип на артикула |
|---|---|---|---|---|---|---|---|---|---|---|---|---|---|---|---|---|---|
| Не е изгубен | Universal Decimal Classification | Не е повреден | без рестрикции | заемане за дома | 687856 | Регионална библиотека "Любен Каравелов" Русе | Регионална библиотека "Любен Каравелов" Русе | Заемна - подръчен фонд | 2019-01-02 | Заемна - подръчен фонд | 24.00 | 120000828594 | 621.3/Т 53 Н | 120000828594 | 12.27 | Книги | |
| Не е изгубен | Universal Decimal Classification | Не е повреден | без рестрикции | ползва се в читалня | 781068 | Регионална библиотека "Любен Каравелов" Русе | Регионална библиотека "Любен Каравелов" Русе | Хранилище | 2020-07-06 | Хранилище | 24.00 | 120000844478 | Цб 300604 | 120000844478 | 12.27 | Книги |